Normal view
MARC view
Entry Geographic Name
001 - CONTROL NUMBER
- control field: 51374
003 - CONTROL NUMBER IDENTIFIER
- control field: dpl
005 - DATE AND TIME OF LATEST TRANSACTION
- control field: 20120822172046.0
008 - FIXED-LENGTH DATA ELEMENTS
- fixed length control field: 120822|||a|||||| | ||| d
040 ## - CATALOGING SOURCE
- Original cataloging agency: dpl
- Transcribing agency: dpl
151 ## - HEADING--GEOGRAPHIC NAME
- Geographic name: India
- General subdivision: History
- Chronological subdivision: Sepoy Rebellion, 1857-1858
670 ## - SOURCE DATA FOUND
- Source citation: Work cat.: (dpl)16591: जासूसों के खुतूत और दिल्ली हार गई /, 2008
670 ## - SOURCE DATA FOUND
- Source citation: Work cat.: (dpl)16591: जासूसों के खुतूत और दिल्ली हार गई /, 2008
